000 00437nam a22001097a 4500
008 110705t xxu||||| |||| 00| 0 eng d
010 _aHCMA F-139
245 _aHigh Court Misc Application 1997 B.A.T International S.P.A vs Giancarlo Nasce and another
260 _c1997
500 _aArising out of Civil Suit Appeal No.683 of 1995
999 _c4545
_d4545